000 00521nam a2200181Ia 4500
008 090123s9999 xx 000 0 und d
082 _b13399
100 _aसामंत बाळ
245 _aनवरा बायको
250 _a1
260 _bमॅजेस्टिक प्रकाशन
_c1965
300 _a78
600 _aसामंत बाळ
630 _aनवरा बायको
700 _aसामंत बाळ
730 _aनवरा बायको
942 _cBOOK
999 _c51462
_d51462